Screening rice varieties for resistance to brown planthopper and host plant, ពិសោធន៍តាមដានរកពូជស្រូវធន់នឹងការបំផ្លាញរបស់សត្វល្អិតមមាចត្នោត និងរុក្ខជាតិជំរករបស់វា (Record no. 7798)
[ view plain ]
| 000 -LEADER | |
|---|---|
| fixed length control field | 00613nam a22001337a 4500 |
| 003 - CONTROL NUMBER IDENTIFIER | |
| control field | OSt |
| 005 - DATE AND TIME OF LATEST TRANSACTION | |
| control field | 20160324104122.0 |
| 008 - FIXED-LENGTH DATA ELEMENTS--GENERAL INFORMATION | |
| fixed length control field | 160324b xxu||||| |||| 00| 0 eng d |
| 040 ## - CATALOGING SOURCE | |
| Transcribing agency | RUA |
| 082 ## - DEWEY DECIMAL CLASSIFICATION NUMBER | |
| Classification number | AGR SIM 2002 B472 Or.1 |
| 245 ## - TITLE STATEMENT | |
| Title | Screening rice varieties for resistance to brown planthopper and host plant, ពិសោធន៍តាមដានរកពូជស្រូវធន់នឹងការបំផ្លាញរបស់សត្វល្អិតមមាចត្នោត និងរុក្ខជាតិជំរករបស់វា |
| 300 ## - PHYSICAL DESCRIPTION | |
| Extent | 81p. |
| Other physical details | ill. |
| Dimensions | 29cm. |
| 942 ## - ADDED ENTRY ELEMENTS (KOHA) | |
| Source of classification or shelving scheme | |
| Koha item type | AGR |
| Price effective from | Date last seen | Permanent Location | Not for loan | Date acquired | Source of classification or shelving scheme | Koha item type | Barcode | Lost status | Damaged status | Shelving location | Withdrawn status | Current Location | Full call number |
|---|---|---|---|---|---|---|---|---|---|---|---|---|---|
| 2016-03-24 | 2016-03-24 | Library Block B | 2016-03-24 | AGR | RUA058263 | B472 | Library Block B | AGR SIM 2002 B472 Or.1 |